000 00466nam a22001817a 4500
003 OSt
005 20241121115505.0
008 241121b |||||||| |||| 00| 0 eng d
040 _cMRSPTU
041 _aENG
082 _a307.121
_bHE-C
100 _aHealey, Pasty
245 _aCollaborative Planning : Shaping Places in Fragmented Societies
260 _a New York
_bPalgrave Macmillan
_c2006
300 _a366
650 _aArchitecture
942 _2ddc
_cBK
_n0
999 _c10472
_d10472